Normal view
MARC view
- Harrington , Michael
Entry Personal Name
001 - CONTROL NUMBER
- control field: 133822
003 - CONTROL NUMBER IDENTIFIER
- control field: NUST
005 - DATE AND TIME OF LATEST TRANSACTION
- control field: 20260402113654.0
008 - FIXED-LENGTH DATA ELEMENTS
- fixed length control field: 260402|| aca||aabn | a|a d
040 ## - CATALOGING SOURCE
- Original cataloging agency: NUST
- Transcribing agency: NUST
100 ## - HEADING--PERSONAL NAME
- Personal name: Harrington , Michael
670 ## - SOURCE DATA FOUND
- Source citation: Work cat.: (NUST): Harrington , Michael. , Toward a Democratic Left: A Radical Program for a New Majority /, 1968.
